Enciclopedia de la política

Збережено в:
Бібліографічні деталі
Автор: Borja, Rodrigo (Автор)
Формат: Книга
Мова:Іспанська
Опубліковано: Ciudad de México Fondo de Cultura Económica 1997
Предмети:
Теги: Додати тег
Немає тегів, Будьте першим, хто поставить тег для цього запису!

MARC

LEADER 00000nam a2200000 a 4500
001 UCP6557
003 CL-VaPUC
008 991029e19970000MX |||||||||||||||||spa|d
082 0 4 |a 320.03  |b BOR  |2 21 
100 0 |a Borja, Rodrigo  |e author  |9 435692 
245 1 0 |a Enciclopedia de la política 
300 |a 1040 p 
942 |c BK 
945 |d 19991029 00:00:00  |a vberengu 
260 |a Ciudad de México  |b Fondo de Cultura Económica  |c 1997 
650 0 |a Ciencia política  |9 324218 
650 0 |a Política  |9 255312 
650 0 |a Diccionarios  |9 256200 
583 |a last modification  |c 19991029 00:00:00  |k Rodrigo Vera 
999 |c 284066  |d 284064 
952 |0 0  |1 0  |4 0  |6 320_030000000000000_BOR_1997  |7 0  |8 X  |9 327803  |a BIBHIS  |b BIBHIS  |d 2019-11-20  |i 3574342  |o 320.03 BOR 1997  |p 3574342  |r 2024-01-30  |w 2019-11-20  |y BK_X  |k HIS